[Event "Moscow Open A 2013"]
[Site "Moscow RUS"]
[Date "2013.02.09"]
[Round "8.8"]
[Board "8"]
[White "Sandipan, Chanda"]
[Black "Kovalev, Vladislav"]
[Result "1/2-1/2"]
[WhiteTitle "GM"]
[BlackTitle "IM"]
[WhiteElo "2590"]
[BlackElo "2500"]
[WhiteFideId "5004225"]
[BlackFideId "13504398"]
[EventDate "2013.02.02"]

1. d4 Nf6 2. c4 g6 3. Nc3 Bg7 4. e4 d6 5. Nge2 O-O 6. f3 c5 7. d5 e6 8. Be3 exd5
9. cxd5 Nbd7 10. Ng3 a6 11. a4 h5 12. Be2 Ne5 13. O-O Nh7 14. h3 h4 15. Nh1 g5
16. Nf2 Qf6 17. a5 Qg6 18. Na4 f5 19. Nb6 Rb8 20. Nxc8 Rbxc8 21. exf5 Rxf5 22.
Ng4 Nf6 23. f4 gxf4 24. Bxf4 Nfxg4 25. hxg4 Rff8 26. Qb1 Rce8 27. Bxe5 Qxb1 28.
Raxb1 Bxe5 29. Rxf8+ Rxf8 30. b4 Bd4+ 31. Kh2 Rf2 32. Bd3 Rd2 33. Bf1 cxb4 34.
Rxb4 Rd1 35. g5 Be5+ 36. Kg1 Bd4+ 37. Kh2 Be5+ 38. Kg1 Bc3 39. Rxh4 Bxa5 40. Kf2
b5 41. Be2 Bb6+ 42. Kf3 Rxd5 43. Rh6 a5 44. Kg4 a4 45. Bf3 Rd4+ 46. Kf5 a3 47.
Re6 Kg7 48. Rg6+ Kf8 49. Rf6+ Ke7 50. Re6+ Kd7 51. g6 Rf4+ 52. Kxf4 Kxe6 53.
Bd5+ Kf6 54. Bf7 Bd4 55. Ke4 Be5 56. Kd3 Kf5 57. Kc2 b4 58. Kb3 Bc3 59. g7 Bxg7
60. Kxb4 Bb2 61. Kb3 Ke4 62. g4 d5 63. g5 d4 64. g6 d3 65. g7 Bxg7 66. Bg6+ Ke3
67. Bxd3 a2 68. Kxa2 Kxd3 1/2-1/2

[Event "Moscow Open A 2013"]
[Site "Moscow RUS"]
[Date "2013.02.09"]
[Round "8.9"]
[Board "9"]
[White "Vorobiov, Evgeny E."]
[Black "Matinian, Nikita"]
[Result "1/2-1/2"]
[WhiteTitle "GM"]
[BlackTitle "IM"]
[WhiteElo "2584"]
[BlackElo "2460"]
[WhiteFideId "4121341"]
[BlackFideId "24129100"]
[EventDate "2013.02.02"]

1. d4 d6 2. Nf3 g6 3. c4 Bg7 4. g3 Nf6 5. Bg2 O-O 6. Nc3 Nc6 7. O-O a6 8. Bf4
Bf5 9. Rc1 Qd7 10. d5 Na5 11. e4 Bh3 12. Qd3 Bxg2 13. Kxg2 c5 14. Rfe1 b5 15. b3
bxc4 16. bxc4 Qc7 17. Bd2 Nd7 18. Nd1 Nb7 19. Rb1 Rfb8 20. Qc2 Nd8 21. Ne3 Ne5
22. Nxe5 Bxe5 23. Qa4 Kf8 24. Ng4 Bg7 25. Rxb8 Rxb8 26. e5 dxe5 27. Nxe5 Bxe5
28. Rxe5 f6 29. Re2 Qc8 30. Bh6+ Kf7 31. Qa3 Qg4 32. Qe3 Rb7 33. Qd3 Qd4 34.
Qxd4 cxd4 35. c5 Rc7 36. c6 g5 37. h4 e6 38. Re4 exd5 39. Rxd4 Ke6 40. hxg5 Nf7
41. Rh4 fxg5 42. Rh1 Rxc6 43. Bg7 Kf5 44. Rd1 Rd6 45. Rd3 h5 46. Rf3+ Kg6 47.
Bf8 Rd7 48. Ra3 d4 49. Rxa6+ Kf5 50. Bb4 Ne5 51. Rd6 Rxd6 52. Bxd6 d3 53. Bb4
Nc4 54. a4 d2 55. Bxd2 Nxd2 56. a5 Nc4 57. a6 Ke4 58. a7 Nb6 59. f4 gxf4 60.
gxf4 Kxf4 61. Kh3 Kg5 1/2-1/2

[Event "Moscow Open A 2013"]
[Site "Moscow RUS"]
[Date "2013.02.09"]
[Round "8.10"]
[Board "10"]
[White "Iturrizaga, Eduardo"]
[Black "Badmatsyrenov, Oleg"]
[Result "1-0"]
[WhiteTitle "GM"]
[BlackTitle "IM"]
[WhiteElo "2646"]
[BlackElo "2472"]
[WhiteFideId "3901211"]
[BlackFideId "24115762"]
[EventDate "2013.02.02"]

1. Nf3 g6 2. d4 Bg7 3. c4 c5 4. g3 cxd4 5. Nxd4 Nc6 6. Nc2 Qb6 7. Nc3 Bxc3+ 8.
bxc3 Nf6 9. Bg2 d6 10. O-O O-O 11. Bg5 Qc5 12. Bxf6 exf6 13. Ne3 Be6 14. Rb1
Bxc4 15. Nxc4 Qxc4 16. Rxb7 Rac8 17. Qxd6 Qxc3 18. Bd5 a5 19. Rfb1 Nb4 20. Bb3
Kg7 21. a3 Qc6 22. Qxc6 Nxc6 23. Bd5 Ne5 24. f4 Nc4 25. Rc1 Ne3 26. Rxc8 Rxc8
27. Rxf7+ Kh6 28. Bf3 f5 29. Ra7 Rc5 30. h3 Nc4 31. g4 g5 32. fxg5+ Kxg5 33.
Rxh7 Kf4 34. Kf2 Ne3 35. Rd7 Rc4 36. g5 Nc2 37. g6 Rc8 38. g7 Ne3 39. Rd4+ 1-0

[Event "Moscow Open A 2013"]
[Site "Moscow RUS"]
[Date "2013.02.09"]
[Round "8.12"]
[Board "12"]
[White "Pavlov, Sergey2"]
[Black "Panarin, Mikhail"]
[Result "1/2-1/2"]
[WhiteTitle "IM"]
[BlackTitle "GM"]
[WhiteElo "2471"]
[BlackElo "2552"]
[WhiteFideId "14114330"]
[BlackFideId "4153251"]
[EventDate "2013.02.02"]

1. Nf3 c5 2. c4 Nc6 3. Nc3 g6 4. e3 Nf6 5. d4 cxd4 6. exd4 d5 7. cxd5 Nxd5 8.
Qb3 Nxc3 9. Bc4 Nd5 10. Bxd5 e6 11. Bxc6+ bxc6 12. O-O f6 13. Bf4 Qd5 14. Qxd5
cxd5 15. Rfc1 h5 16. h4 Rh7 17. Ne1 Rb7 18. Nd3 a5 19. b3 Bd7 20. Rab1 Be7 21.
Rc3 Rb5 22. a4 Rb7 23. Rbc1 Ra6 24. Bd2 Ra8 25. Bf4 Ra6 26. Bd2 Bd6 27. Bf4 Bxf4
28. Nxf4 Rb4 29. Rd3 Rab6 30. Rcc3 Kf7 31. Rc7 Rb7 32. Rdc3 Rxc7 33. Rxc7 Ke8
34. Nd3 Rxd4 35. Nc5 Rd1+ 36. Kh2 Rc1 37. Nxe6 Rxc7 38. Nxc7+ Ke7 39. Nxd5+ Kd6
40. Nxf6 Bf5 41. f3 Ke5 42. Ne4 Bxe4 43. fxe4 Kf4 44. b4 axb4 45. a5 b3 46. a6
b2 47. a7 b1=Q 48. a8=Q Qxe4 1/2-1/2

[Event "Moscow Open A 2013"]
[Site "Moscow RUS"]
[Date "2013.02.09"]
[Round "8.13"]
[Board "13"]
[White "Airapetian, Gor"]
[Black "Gabuzyan, Hovhannes"]
[Result "1/2-1/2"]
[WhiteTitle "IM"]
[BlackTitle "GM"]
[WhiteElo "2462"]
[BlackElo "2517"]
[WhiteFideId "4177916"]
[BlackFideId "13303732"]
[EventDate "2013.02.02"]

1. d4 d5 2. c4 c6 3. Nc3 Nf6 4. Nf3 dxc4 5. a4 Bf5 6. Ne5 Nbd7 7. Nxc4 Qc7 8. g3
e5 9. dxe5 Nxe5 10. Bf4 Nfd7 11. Bg2 g5 12. Bxe5 Nxe5 13. Qd4 f6 14. O-O-O Rd8
15. Qe3 Be7 16. Rxd8+ Kxd8 17. Rd1+ Kc8 18. Nxe5 Qxe5 19. Qxa7 Ba3 20. Qd4 Qxd4
21. Rxd4 Bc5 22. Rd2 Be6 23. e3 h5 24. Ne4 Be7 25. f4 h4 26. Kc2 Kc7 27. Rf2 Rh6
28. Bf3 hxg3 29. hxg3 g4 30. Be2 Rh3 31. f5 Bd5 32. Rf4 Bxe4+ 33. Rxe4 Bd6 34.
Bxg4 Rxg3 35. Kd3 Rg2 36. b3 Be5 37. Rc4 Kd6 38. Bf3 Rf2 39. Be4 Rb2 40. b4 Rb3+
41. Ke2 Rc3 42. Rxc3 1/2-1/2

[Event "Moscow Open A 2013"]
[Site "Moscow RUS"]
[Date "2013.02.09"]
[Round "8.14"]
[Board "14"]
[White "Meribanov, Vitaly"]
[Black "Arun Prasad, S."]
[Result "1/2-1/2"]
[WhiteTitle "FM"]
[BlackTitle "GM"]
[WhiteElo "2426"]
[BlackElo "2514"]
[WhiteFideId "13504363"]
[BlackFideId "5011167"]
[EventDate "2013.02.02"]

1. e4 e6 2. d4 d5 3. Nd2 Nf6 4. e5 Nfd7 5. Bd3 c5 6. c3 Nc6 7. Ne2 cxd4 8. cxd4
f6 9. exf6 Nxf6 10. Nf3 Bd6 11. O-O O-O 12. Bg5 Bd7 13. Bh4 Qc7 14. Bg3 Rae8 15.
Rc1 Bxg3 16. hxg3 Qb6 17. Qb3 Qxb3 18. axb3 Nb4 19. Bb1 Rc8 20. Nc3 Ng4 21. Rfe1
Rc6 22. Re2 g6 23. Rce1 Kg7 24. Ng5 Re8 25. f3 Nh6 26. g4 Nf7 27. Nxf7 Kxf7 28.
Na4 Rc7 29. Nc3 Rc6 30. Na4 Rc7 31. Nc3 1/2-1/2

[Event "Moscow Open A 2013"]
[Site "Moscow RUS"]
[Date "2013.02.10"]
[Round "9.1"]
[Board "1"]
[White "Kokarev, Dmitry"]
[Black "Nepomniachtchi, Ian"]
[Result "1/2-1/2"]
[WhiteTitle "GM"]
[BlackTitle "GM"]
[WhiteElo "2635"]
[BlackElo "2703"]
[WhiteFideId "4132181"]
[BlackFideId "4168119"]
[EventDate "2013.02.02"]

1. e4 e6 2. d4 d5 3. Nc3 Bb4 4. e5 c5 5. a3 Bxc3+ 6. bxc3 Ne7 7. Qg4 Qc7 8. Qxg7
Rg8 9. Qxh7 cxd4 10. Ne2 Nbc6 11. f4 dxc3 12. Qd3 d4 13. Nxd4 Nxd4 14. Qxd4 Bd7
15. Rg1 Nf5 16. Qf2 Qc6 17. g4 Qe4+ 18. Qe2 Qa4 19. Qf2 Qe4+ 20. Qe2 Qa4 21. Qf2
Qe4+ 1/2-1/2

[Event "Moscow Open A 2013"]
[Site "Moscow RUS"]
[Date "2013.02.10"]
[Round "9.3"]
[Board "3"]
[White "Maletin, Pavel"]
[Black "Khairullin, Ildar"]
[Result "1/2-1/2"]
[WhiteTitle "GM"]
[BlackTitle "GM"]
[WhiteElo "2571"]
[BlackElo "2650"]
[WhiteFideId "4146786"]
[BlackFideId "4151348"]
[EventDate "2013.02.02"]

1. Nf3 d6 2. d4 Nd7 3. c4 e5 4. Nc3 Be7 5. g3 Ngf6 6. Bg2 O-O 7. O-O Re8 8. Qc2
c6 9. Rd1 Bf8 10. b3 a6 11. e4 Qc7 12. h3 b5 13. Be3 b4 14. Na4 c5 15. dxc5 dxc5
16. Ne1 Bb7 17. f3 Bc6 18. Nb2 Nb6 19. Qf2 Nfd7 20. Ned3 Bb7 21. h4 Re6 22. Bh3
Rc6 23. Rd2 Re8 24. a3 a5 25. axb4 axb4 26. Na4 Bc8 27. Nxb6 Nxb6 28. Bxc8 Nxc8
29. Kg2 Nd6 30. Rad1 Nb7 31. Nb2 Nd8 32. Rd7 Qc8 33. Ra7 Rc7 34. Rxc7 Qxc7 35.
Rd5 Ne6 36. Nd3 Nd4 37. Bxd4 exd4 38. Qa2 Rd8 39. Qa6 h6 40. h5 Re8 41. e5 Qe7
42. Qc6 f6 43. Rd7 Qe6 44. Qxe6+ Rxe6 45. f4 fxe5 46. fxe5 g6 47. Kf3 gxh5 48.
Ke4 Bg7 49. Kf5 Re8 50. e6 Rf8+ 51. Ke4 Bf6 52. Nf4 Bg5 53. Nxh5 Rf1 54. Nf4 Rb1
55. Nd3 Rxb3 56. g4 Rc3 57. Ne5 Re3+ 58. Kf5 Kf8 59. Rb7 d3 60. Rb8+ Kg7 61.
Rb7+ Kf8 62. Rb8+ Kg7 63. Rb7+ 1/2-1/2

[Event "Moscow Open A 2013"]
[Site "Moscow RUS"]
[Date "2013.02.10"]
[Round "9.7"]
[Board "7"]
[White "Goganov, Aleksey"]
[Black "Sandipan, Chanda"]
[Result "0-1"]
[WhiteTitle "IM"]
[BlackTitle "GM"]
[WhiteElo "2550"]
[BlackElo "2590"]
[WhiteFideId "24109959"]
[BlackFideId "5004225"]
[EventDate "2013.02.02"]

1. Nf3 e6 2. c4 f5 3. g3 Nf6 4. Bg2 d5 5. O-O Bd6 6. d4 c6 7. b3 Qe7 8. Bb2 O-O
9. Ne5 Nbd7 10. Nd2 Ne4 11. Ndf3 a5 12. Qc2 a4 13. bxa4 Bxe5 14. dxe5 Nb6 15.
cxd5 exd5 16. Rab1 Nc4 17. Rfd1 Qb4 18. Nd4 Qxa4 19. Nb3 Qxa2 20. Bxe4 fxe4 21.
e6 Bxe6 22. Qc3 Nxb2 23. Rxb2 Qa3 24. Rc1 Bh3 25. Qd4 Ra4 26. Qe5 Rc4 27. Rcb1
d4 28. Qh5 Bf5 29. Nd2 Rc1+ 0-1

[Event "Moscow Open A 2013"]
[Site "Moscow RUS"]
[Date "2013.02.10"]
[Round "9.8"]
[Board "8"]
[White "Nyzhnyk, Illya"]
[Black "Matinian, Nikita"]
[Result "0-1"]
[WhiteTitle "GM"]
[BlackTitle "IM"]
[WhiteElo "2637"]
[BlackElo "2460"]
[WhiteFideId "14118084"]
[BlackFideId "24129100"]
[EventDate "2013.02.02"]

1. d4 d6 2. Nf3 g6 3. b3 Bg7 4. Bb2 c5 5. e3 cxd4 6. exd4 Nc6 7. Be2 d5 8. O-O
Nf6 9. Ne5 O-O 10. Nc3 Qb6 11. Kh1 Rd8 12. Ba3 Ne4 13. Nxc6 Qxc6 14. Nxe4 dxe4
15. Bb2 e5 16. f3 exd4 17. fxe4 Qxe4 18. Bd3 Qc6 19. Qd2 Be6 20. Rf2 Bd5 21. Kg1
f5 22. Re1 Re8 23. Rfe2 Re3 24. c4 dxc3 25. Qxe3 cxb2 26. Bb1 Bf7 27. Rd1 Qb6
28. Qxb6 axb6 29. Kf2 f4 30. Rd7 Bf6 31. Rxb7 Rd8 32. Rxf7 Kxf7 33. Re1 Rc8 34.
Rd1 Rc1 35. Ke2 h5 36. h3 g5 37. Bf5 g4 38. hxg4 hxg4 39. Rd7+ Be7 40. Rd4 f3+
41. gxf3 gxf3+ 0-1

[Event "Moscow Open A 2013"]
[Site "Moscow RUS"]
[Date "2013.02.10"]
[Round "9.12"]
[Board "12"]
[White "Volkov, Sergey"]
[Black "Artemiev, Vladislav"]
[Result "1-0"]
[WhiteTitle "GM"]
[BlackTitle "IM"]
[WhiteElo "2593"]
[BlackElo "2502"]
[WhiteFideId "4122763"]
[BlackFideId "24101605"]
[EventDate "2013.02.02"]

1. d4 Nf6 2. c4 g6 3. Nc3 d5 4. Nf3 Bg7 5. Qb3 dxc4 6. Qxc4 O-O 7. e4 Bg4 8. Be3
Nfd7 9. Rd1 Nb6 10. Qb3 Nc6 11. d5 Ne5 12. Be2 Nxf3+ 13. gxf3 Bh5 14. Rg1 Qd7
15. Rg3 c6 16. a4 Qc7 17. Qb4 Rad8 18. Bd4 Bh6 19. a5 Nc8 20. a6 bxa6 21. Qc5
Bf4 22. Qxc6 Qb8 23. Be3 Bxe3 24. fxe3 Qxb2 25. Na4 Qa3 26. Rd3 Qb4+ 27. Kf2 Nd6
28. Rd4 Qb8 29. Nc5 Rc8 30. Nd7 Qb2 31. Qxa6 Rfd8 32. Ne5 Rc2 33. Qd3 Nb5 34.
Rb4 Rxe2+ 35. Qxe2 Qxb4 36. Nc6 Nc3 37. Qc2 Nd1+ 38. Qxd1 Qb2+ 39. Qe2 Qxe2+ 40.
Kxe2 Rd7 41. Rg1 Rb7 42. Kf2 Rb2+ 43. Kg3 Re2 44. Nxe7+ Kf8 45. d6 Rxe3 46. Rf1
Rd3 47. Nd5 Ke8 48. Nf6+ Kd8 49. e5 a5 50. Rb1 Rxf3+ 51. Kg2 Rxf6 52. Rb8+ Kd7
53. Rb7+ Kd8 54. exf6 g5 55. Kf2 Bg6 56. Ke3 h5 57. Kd4 g4 58. Ke5 1-0

[Event "Moscow Open A 2013"]
[Site "Moscow RUS"]
[Date "2013.02.10"]
[Round "9.13"]
[Board "13"]
[White "Kovalenko, Igor"]
[Black "Pavlov, Sergey2"]
[Result "1-0"]
[WhiteTitle "GM"]
[BlackTitle "IM"]
[WhiteElo "2586"]
[BlackElo "2471"]
[WhiteFideId "14117908"]
[BlackFideId "14114330"]
[EventDate "2013.02.02"]

1. d4 Nf6 2. c4 e6 3. Nf3 d5 4. g3 Bb4+ 5. Bd2 Be7 6. Bg2 O-O 7. O-O c6 8. Qc2
b6 9. Rd1 Ba6 10. b3 Nbd7 11. Bf4 Rc8 12. Nc3 h6 13. e4 dxc4 14. Nd2 c5 15. d5
g5 16. dxe6 fxe6 17. e5 gxf4 18. exf6 Bxf6 19. Qg6+ Bg7 20. Qxe6+ Kh8 21. Nde4 1-0

[Event "Moscow Open A 2013"]
[Site "Moscow RUS"]
[Date "2013.02.10"]
[Round "9.15"]
[Board "15"]
[White "Gabrielian, Artur"]
[Black "Khusnutdinov, Rustam"]
[Result "0-1"]
[WhiteTitle "GM"]
[BlackTitle "GM"]
[WhiteElo "2579"]
[BlackElo "2493"]
[WhiteFideId "4131002"]
[BlackFideId "13701703"]
[EventDate "2013.02.02"]

1. e4 e6 2. d4 d5 3. Nc3 Bb4 4. e5 c5 5. a3 Ba5 6. b4 cxd4 7. Nb5 Bc7 8. f4 Bd7
9. Nxc7+ Qxc7 10. Bd3 Ba4 11. Nf3 Ne7 12. O-O Nbc6 13. b5 Na5 14. Rb1 a6 15.
bxa6 bxa6 16. Nxd4 Nac6 17. Nf3 h6 18. Qe2 O-O 19. g4 Bb5 20. Bxb5 axb5 21. Rxb5
Ra4 22. Kh1 Ng6 23. Rc5 Qb6 24. Qb5 Qxb5 25. Rxb5 Nxf4 26. Rc5 Ne7 27. Rc7 Nfg6
28. Bd2 Rxg4 29. Bb4 Rc8 30. Rxe7 Nxe7 31. Bxe7 Rxc2 32. Bb4 Re4 33. Rd1 Rf2 34.
Rd3 Rg4 35. Bc5 Rf1+ 36. Ng1 Ra1 37. Bd4 Ra2 38. Nf3 Rgg2 39. Bg1 Rge2 40. h4
Kh7 41. h5 Re4 42. Rb3 Rf4 0-1